C : How to program (Record no. 184556)

MARC details
000 -LEADER
fixed length control field 00415nam a2200169Ia 4500
005 - DATE AND TIME OF LATEST TRANSACTION
control field 20250415151848.0
008 - FIXED-LENGTH DATA ELEMENTS--GENERAL INFORMATION
fixed length control field 231217s9999 xx 000 0 und d
020 ## - INTERNATIONAL STANDARD BOOK NUMBER
International Standard Book Number 9788120334953
082 ## - DEWEY DECIMAL CLASSIFICATION NUMBER
Classification number 001.6424C DEI1;37
100 ## - MAIN ENTRY--PERSONAL NAME
Personal name Deitel, P J. Deitel, H M.
245 #0 - TITLE STATEMENT
Title C : How to program
250 ## - EDITION STATEMENT
Edition statement 5th ed.
260 ## - PUBLICATION, DISTRIBUTION, ETC. (IMPRINT)
Date of publication, distribution, etc. 2007
Name of publisher, distributor, etc. PHI
Place of publication, distribution, etc. New Delhi
300 ## - PHYSICAL DESCRIPTION
Extent xxxii, 1130
650 ## - SUBJECT ADDED ENTRY--TOPICAL TERM
Topical term or geographic name as entry element C,program
942 ## - ADDED ENTRY ELEMENTS (KOHA)
Koha item type Books
Holdings
Date last seen Total Checkouts Full call number Accession number Old discount Cost, replacement price Price effective from Category Lost status Damaged status Department Withdrawn status bill no. bill date Permanent Location Current Location Shelving location Entry date Vendor Cost, normal purchase price Grants Currency symbol Conversion rate Discount Discount type
26/01/2024   001.6424C DEI1;37 57091 25 487.50 26/01/2024 Books     Information Science   57252 07/08/2013 Central Library Central Library Information Science 04/12/2009 Book Paradise 650.00 IS RS 1 162.5 Rupees
26/01/2024   001.6424C DEI1;38 57556 25 487.50 26/01/2024 Books     CS   11 28/09/2013 Central Library Central Library CS 23/12/2009 Sapna Book House 650.00 CS RS 1 162.5 Rupees
26/01/2024   001.6424C DEI1;39 57557 25 487.50 26/01/2024 Books     CS   11 28/09/2013 Central Library Central Library CS 23/12/2009 Sapna Book House 650.00 CS RS 1 162.5 Rupees
26/01/2024   001.6424C DEI1;40 57558 25 487.50 26/01/2024 Books     CS   11 28/09/2013 Central Library Central Library CS 23/12/2009 Sapna Book House 650.00 CS RS 1 162.5 Rupees
26/01/2024   001.6424C DEI1;41 57559 25 487.50 26/01/2024 Books     Central Library   11 28/09/2013 Central Library Central Library Central Library 23/12/2009 Sapna Book House 650.00 CS RS 1 162.5 Rupees
26/01/2024   001.6424C DEI1;42 57560 25 487.50 26/01/2024 Books     CS   11 03/09/2013 Central Library Central Library CS 23/12/2009 Sapna Book House 650.00 CS RS 1 162.5 Rupees

© For any Suggestions or Query, please contact the library staff @ librarian@pes.edu or Phone: +9180 2672 1983/ 2108.